书目信息 |
| 题名: |
举重竞赛规则
|
|
| 作者: | ;中华人民共和国体育运动委员会 审定 | |
| 分册: | ||
| 出版信息: | 北京 人民体育出版社 1982 |
|
| 页数: | 32页 | |
| 开本: | 19cm | |
| 丛书名: | ||
| 单 册: | ||
| 中图分类: | G884.4 | |
| 科图分类: | ||
| 主题词: | 体育 , 举重-竞赛规则 , 竞赛规则-举重 | |
| 电子资源: | ||
| ISBN: | ||
| 000 | 00845nam0 2200265 45 | |
| 001 | 0182002039 | |
| 005 | 20060911093018.09 | |
| 010 | @dCNY0.12 | |
| 091 | @a7015.2043 | |
| 100 | @a19950706d1982 em y0chiy0121 ea | |
| 101 | 0 | @achi |
| 102 | @aCN@b110000 | |
| 105 | @aa z 000yy | |
| 200 | 10 | @a举重竞赛规则@Aju zhong jing sai gui ze@f中华人民共和国体育运动委员会审定@Fzhong hua ren min gong he guo ti yu yun dong wei yuan hui shen ding |
| 205 | @a10版 | |
| 210 | @a北京@c人民体育出版社@d1982 | |
| 215 | @a32页@c插图@d19cm | |
| 606 | 0 | @a体育 |
| 606 | @a举重-竞赛规则 | |
| 606 | @a竞赛规则-举重 | |
| 690 | @aG884.4 | |
| 711 | 0 | @a中华人民共和国体育运动委员会@Azhong hua ren min gong he guo ti yu yun dong wei yuan hui shen ding@4审定 |
| 801 | 0 | @aCN@b上海图书馆@c20060911 |
| 801 | 2 | @aCN@bNLC@c20060516 |
| 905 | @dG884.4@e9(1982) | |
| 举重竞赛规则/中华人民共和国体育运动委员会审定.-10版.-北京:人民体育出版社,1982 |
| 32页:插图;19cm |
| ISBN :CNY0.12 |
| ● |
| 相关链接 |
|
|
|
|
正题名:举重竞赛规则
索取号:G884.4/9(1982)
 
预约/预借
| 序号 | 登录号 | 条形码 | 馆藏地/架位号 | 状态 | 备注 |
| 1 | 0077064 | 000994268 | 密集书库/ [索取号:G884.4/9(1982)] | 在馆 | |
| 2 | 0077065 | 000994259 | 密集书库/ [索取号:G884.4/9(1982)] | 在馆 | |
| 3 | 0077066 | 202354193 | 密集书库/ [索取号:G884.4/9(1982)] | 在馆 | |
| 4 | 0471891 | 204718911 | 密集书库/ [索取号:G884.4/9(1982)] | 在馆 |